| 000 -LEADER |
| fixed length control field |
00803nam a22002777a 4500 |
| 005 - DATE AND TIME OF LATEST TRANSACTION |
| control field |
20150330035700.0 |
| 006 - FIXED-LENGTH DATA ELEMENTS--ADDITIONAL MATERIAL CHARACTERISTICS--GENERAL INFORMATION |
| fixed length control field |
|
| 008 - FIXED-LENGTH DATA ELEMENTS--GENERAL INFORMATION |
| fixed length control field |
101004s2010 nyua s 001 0 eng d |
| 020 ## - INTERNATIONAL STANDARD BOOK NUMBER |
| Cancelled/invalid ISBN |
9780071668958 |
| 041 0# - LANGUAGE CODE |
| Language code of text/sound track or separate title |
eng |
| 080 ## - UNIVERSAL DECIMAL CLASSIFICATION NUMBER |
| Universal Decimal Classification number |
004 |
| 100 1# - Rafti |
| Rafti |
Mayo, Joseph. |
| 245 10 - TITLE STATEMENT |
| Title |
Microsoft Visual studio 2010 |
| Statement of responsibility, etc |
Joe Mayo ; technical editor, Roy Ogborn. |
| 246 30 - VARYING FORM OF TITLE |
| Title proper/short title |
Visual studio 2010 |
| 256 ## - COMPUTER FILE CHARACTERISTICS |
| Computer file characteristics |
Computer document. |
| 260 ## - |
| -- |
New York : |
| -- |
McGraw-Hill, |
| -- |
2010 |
| 300 ## - |
| -- |
426 f. |
| -- |
me il.; |
| -- |
23 cm |
| 505 ## - |
| -- |
Index: f. 417 - 426 |
| 630 00 - |
| -- |
Microsoft Visual studio. |
| 650 #0 - |
| -- |
Kompjuterat |
| 650 #0 - |
| -- |
Aplikimi i Softverit |
| 650 #0 - |
| -- |
Internet |
| 655 #7 - |
| -- |
Electronic books. |
| -- |
lcsh |
| 700 1# - |
| -- |
Ogborn, Roy. |
| -- |
edt |
| 942 ## - ADDED ENTRY ELEMENTS (KOHA) |
| Source of classification or shelving scheme |
|
| Item type |
Books |